| 000 | 01451cam a22003737a 4500 | ||
|---|---|---|---|
| 003 | CHAP | ||
| 005 | 20220329142851.0 | ||
| 008 | 041018d2004 mx a r 00110 spa d | ||
| 010 | _a88937 | ||
| 011 | _a89909 | ||
| 020 | _a9680200175 | ||
| 035 | _a100461 | ||
| 040 | _cCHAP | ||
| 090 | _aFolleto 16819 | ||
| 100 | 0 | 0 |
_aRamírez García, Adán Guillermo. _994003 |
| 245 | 1 | 0 |
_aGuía metodológica para la formulación y evaluación de proyectos de educación ambiental bajo un enfoque participativo _c/por Adán Guillermo Ramírez García |
| 260 |
_aChapingo, Méx. : _bUACH. Centro Regional Universitario del Noroeste, _c2004. |
||
| 300 |
_a50 p. : _bilus. |
||
| 590 |
_aBATCH-UPD _b10 _c20130110 _lUCH01 _h1257 |
||
| 590 |
_aBATCH-UPD _b10 _c20130410 _lUCH01 _h0816 |
||
| 590 |
_aBATCH-UPD _b10 _c20130914 _lUCH01 _h1244 |
||
| 590 |
_aCONVERSION _b10 _c20130109 _lUCH01 _h1349 |
||
| 650 | 1 | 4 |
_aEducación ambiental. _935556 |
| 650 | 1 | 4 |
_aMedio ambiente _xProtección. _974106 |
| 650 | 1 | 4 |
_aProyectos _xEvaluación. _992525 |
| 901 | _aBK | ||
| 905 | _aAlejandra Carrasco M. | ||
| 942 | _cFOLL | ||
| 949 |
_aFolleto 16819 _bBC _cFOLL _d1004611 _eTS1 _i100461 _sb |
||
| 949 |
_aFolleto 16819 _bBC _cFOLL _d1004612 _eTS2 _fc.2 _i100461 _sb |
||
| 949 |
_aFolleto 16819 _bBC _cFOLL _d33724000966180 _eTS2 _fc.5 _i100461 _st |
||
| 949 |
_aFolleto 16819 _bBC _cFOLL _d33724000966248 _eTS2 _fc.4 _i100461 _st |
||
| 949 |
_aFolleto 16819 _bBC _cUACH _d1004613 _eTS2 _fc.3 _i100461 _sb |
||
| 999 |
_c88937 _d88937 |
||